Stress causes and its management at workplace : (Record no. 5034)

MARC details
000 -LEADER
fixed length control field 00610nam a2200169 4500
001 - CONTROL NUMBER
control field 5960
005 - DATE AND TIME OF LATEST TRANSACTION
control field 20181127180631.0
090 00 - LOCALLY ASSIGNED LC-TYPE CALL NUMBER (OCLC); LOCAL CALL NUMBER (RLIN)
Classification number (OCLC) (R) ; Classification number, CALL (RLIN) (NR) BUSINESS. No.12
245 00 - TITLE STATEMENT
Title Stress causes and its management at workplace :
Remainder of title a case of kuensel corporation limited /
Statement of responsibility, etc. Student Work.
Medium
260 00 - PUBLICATION, DISTRIBUTION, ETC.
Place of publication, distribution, etc. [Thimphu] :
Name of publisher, distributor, etc. [Royal Thimphu College],
Date of publication, distribution, etc. 2016.
300 ## - PHYSICAL DESCRIPTION
Extent 33 pages.
Other physical details
Dimensions
Accompanying material
500 ## - GENERAL NOTE
General note Student research project for Business: 2016: Ms.Karma Lhaden, lecturer.
General note Spiral-bound xerographic copy.
650 ## - SUBJECT ADDED ENTRY--TOPICAL TERM
Topical term or geographic name entry element Business Project.
Form subdivision
General subdivision
Chronological subdivision
Geographic subdivision
Source of heading or term
Topical term or geographic name entry element Job stress.
Form subdivision
General subdivision
Chronological subdivision
Geographic subdivision
Source of heading or term
Topical term or geographic name entry element Stress management.
Form subdivision
General subdivision
Chronological subdivision
Geographic subdivision
Source of heading or term
Holdings
Withdrawn status Lost status Source of classification or shelving scheme Damaged status Not for loan Collection code Home library Current library Shelving location Serial Enumeration / chronology Inventory number Total Checkouts Full call number Barcode Date last seen Date last checked out Price effective from Koha item type
    Dewey Decimal Classification     Student work RTC Library RTC Library Student work 9454 1 BUSINESS No.12STUDENT WORK 30008232 26/03/2019 22/03/2019 27/11/2018 Storage
Royal Thimphu College || All Right Reserved